Statystyki dla 50 najpopularniejszych nazwisk w Polsce

Kliknij tutaj aby rozwiązać quiz!

Ogólne statystyki

  • Ten quiz został rozwiązany 14,382 razy
  • Średni wynik to 6 z 50

Statystyki odpowiedzi

Hint Answer % Correct
136 937Kowalski
94%
199 008Nowak
89%
90 935Lewandowski
39%
96 435Kowalczyk
25%
108 072Wiśniewski
24%
48 684Nowakowski
20%
84 497Dąbrowski
15%
89 118Zieliński
13%
46 145Malinowski
13%
64 963Kwiatkowski
12%
97 995Wójcik
12%
87 570Szymański
10%
92 831Kamiński
10%
87 155Woźniak
9%
67 243Jankowski
9%
66 034Mazur
9%
60 255Piotrowski
9%
53 050Król
8%
44 503Adamczyk
8%
42 727Baran
8%
62 832Krawczyk
8%
65 239Wojciechowski
8%
54 368Pawłowski
8%
53 649Michalski
7%
57 426Grabowski
7%
60 713Kaczmarek
7%
43 588Nowicki
7%
74 790Kozłowski
7%
39 282Tomaszewski
6%
44 397Górski
6%
44 319Pawlak
6%
44 982Dudek
6%
49 461Wróbel
6%
49 538Jabłoński
6%
47 977Majewski
6%
54 673Zając
6%
41 681Michalak
5%
42 701Rutkowski
4%
38 100Wróblewski
4%
41 536Szewczyk
4%
46 212Jaworski
4%
46 812Stępień
4%
43 259Sikora
4%
43 442Walczak
4%
49 385Wieczorek
4%
46 942Olszewski
4%
43 728Witkowski
3%
40 870Ostrowski
3%
38 652Pietrzak
3%
36 200Borowski
3%

Rozkład punktacji

Percentyl według liczby udzielonych odpowiedzi

Procent ludzi z każdym wynikiem

Twoja historia wyników

Nie rozwiązałeś tego quizu